Random territory to capital - Statistics

General Stats
  • This quiz has been taken 10 times
  • The average score is 6 of 10
Answer Stats
Territory Capital % Correct
Pitcairn islands Adamstown
100%
Guadeloupe Basse-Terre
100%
Tristan da cunha Edinburgh of the seven seas
100%
Martinique Fort-de-france
100%
Saint barthelemy Gustavia
100%
Hong kong Hong kong
100%
South Georgia and the South Sandwich islands King Edward point
100%
Norfolk island Kingston
100%
Svalbard Longyearbyen
100%
Macau Macau
100%
New caledonia Noumea
100%
American samoa Pago pago
100%
French polynesia Papeete
100%
Sint maarten Phillipsburg
100%
Reunion Saint-denis
100%
Guernsey Saint Peter port
100%
Saint Pierre and miquelon Saint-pierre
100%
Isle of man Douglas
67%
Aruba Oranjestad
67%
Montserrat Plymouth
67%
Falkland islands Stanley
67%
Cocos islands West island
67%
Curaçao Willemstad
67%
Niue Alofi
50%
French guiana Cayenne
50%
Turks and caicos Cockburn town
50%
British Indian Ocean territory Diego garcia
50%
Christmas island Flying fish cove
50%
Cayman islands Georgetown
50%
Bermuda Hamilton
50%
Saint helena Jamestown
50%
Wallis and futuna Mata-utu
50%
Tokelau Nukunonu
50%
Jersey Saint helier
50%
Saba The bottom
50%
British virgin islands Road town
33%
Cook islands Avarua
0%
American virgin islands Charlotte amalie
0%
Akrotiri and dhekelia Episkopi cantonment
0%
Ascension island Georgetown
0%
Gibraltar Gibraltar
0%
Guam Hagatna
0%
Bonaire Kralendijk
0%
Mayotte Mamoudzou
0%
Saint martin Marigot
0%
Greenland Nuuk
0%
Jan mayen Olonkinbyen
0%
Sint eustatius Oranjestad
0%
French Southern and Antarctic lands Port-aux-francais
0%
Northern mariana islands Saipan
0%
Puerto rico San juan
0%
Anguilla The valley
0%
Faroe islands Torshavn
0%
No matching quizzes found
Score Distribution
Percent of People with Each Score
Percentile by Number Answered
Your Score History
You have not taken this quiz